Las venas abiertas de América Latina
Gespeichert in:
| 1. Verfasser: | |
|---|---|
| Format: | Buch |
| Sprache: | Spanisch |
| Veröffentlicht: |
Ciudad de México
Siglo Veintiuno Editores
1989
|
| Ausgabe: | 56a. ed |
| Schriftenreihe: | Historia Inmediata
|
| Schlagworte: | |
| Tags: |
Tag hinzufügen
Keine Tags, Fügen Sie den ersten Tag hinzu!
|
MARC
| LEADER | 00000cam a2200000 a 4500 | ||
|---|---|---|---|
| 001 | UCD8009 | ||
| 003 | CL-VaPUC | ||
| 008 | 170422e19890000mx |||||||||||||||||spa|d | ||
| 020 | |a 9682310202 | ||
| 082 | 0 | 4 | |a 330.98 |b GAL |2 21 |
| 100 | |a Galeano, Eduardo |e author |9 599485 | ||
| 245 | 1 | 4 | |a Las venas abiertas de América Latina |
| 250 | |a 56a. ed | ||
| 300 | |a 486 p | ||
| 942 | |c BK | ||
| 945 | |d 20170422 00:05:00 |a dcastane | ||
| 260 | |a Ciudad de México |b Siglo Veintiuno Editores |c 1989 | ||
| 650 | 0 | |a Desarrollo económico y social |9 256320 | |
| 650 | 0 | |a Historia social |9 313638 | |
| 650 | 0 | |a Problemas sociales |9 258537 | |
| 583 | |a last modification |c 20170422 00:05:00 |k Rodrigo Vera | ||
| 490 | 0 | |a Historia Inmediata | |
| 999 | |c 367790 |d 367788 | ||
| 952 | |0 0 |1 0 |3 erb |4 0 |6 330_980000000000000_GAL_1989 |7 0 |8 R |9 482870 |a BIBEDU |b BIBEDU |c MCIRC |i 5389577 |o 330.98 GAL 1989 |p 5389577 |r 2023-01-13 |w 2019-11-24 |y BK_R |z Catalogado en:20170422 |k PSI | ||